|
|
|
|
| LEADER |
00000nam0a2200000 4500 |
| 001 |
357912 |
| 005 |
20231102011035.0 |
| 035 |
|
|
|a (RuTPU)RU\TPU\retro\15180
|
| 090 |
|
|
|a 357912
|
| 100 |
|
|
|a 20200811d1932 m y0rusy50 ca
|
| 101 |
0 |
|
|a rus
|
| 102 |
|
|
|a RU
|
| 105 |
|
|
|a a j 000zy
|
| 200 |
1 |
|
|a Введение в кристаллографию
|f Я. В. Самойлов
|g под ред. В. И. Лучицкого
|
| 210 |
|
|
|a Москва
|c ОНТИ
|d 1932
|
| 215 |
|
|
|a 128 с.
|c ил.
|
| 316 |
|
|
|5 63413507: 195//348
|a На титульном листе владельческая надпись: "Куп. в [ТГЦ] 19/VIII 33 за 1 р. 60 к. [нрзб] 23/XII 33. А. Лаврский"
|
| 317 |
|
|
|5 63413507: 195//348
|a Поступил в НТБ в 1945 г. в составе книжного собрания профессора ТПИ А. В. Лаврского
|
| 606 |
1 |
|
|a Кристаллография
|2 stltpush
|3 (RuTPU)RU\TPU\subj\16322
|9 42433
|
| 610 |
1 |
|
|a учебные пособия
|
| 610 |
1 |
|
|a Коллекция А. В. Лаврского
|
| 610 |
1 |
|
|a кристаллы
|
| 610 |
1 |
|
|a индексы
|
| 610 |
1 |
|
|a кристаллические оси
|
| 610 |
1 |
|
|a кристаллические классы
|
| 610 |
1 |
|
|a кристаллизация
|
| 610 |
1 |
|
|a изоморфизм
|
| 610 |
1 |
|
|a полиморфизм
|
| 610 |
1 |
|
|a свойства
|
| 610 |
1 |
|
|a теплопроводность
|
| 610 |
1 |
|
|a оптические свойства
|
| 610 |
1 |
|
|a владельческие надписи
|
| 610 |
1 |
|
|a владельческие подписи
|
| 675 |
|
|
|a 548(07)
|v 4
|
| 700 |
|
1 |
|a Самойлов
|b Я. В.
|c минералог
|c профессор Московского университета
|c основатель Научного института по удобрениям (1919)
|c ученик и друг В. И. Вернадского
|f 1870-1925
|g Яков Владимирович
|2 stltpush
|3 (RuTPU)RU\TPU\pers\21908
|9 9245
|
| 702 |
|
1 |
|a Лучицкий
|b В. И.
|c российский ученый
|c геолог-петрограф
|f 1877-1949
|g Владимир Иванович
|2 stltpush
|3 (RuTPU)RU\TPU\pers\13152
|4 340
|9 3836
|
| 801 |
|
1 |
|a RU
|b 63413507
|c 20200811
|
| 801 |
|
2 |
|a RU
|b 63413507
|c 20211122
|g RCR
|
| 942 |
|
|
|c BK
|